Представление документа в формате MARC21

Поле Инд. ПП Название Значение
Тип записи a
Библиографический уровень m
001 Контрольный номер RU/LIBMSTU/337866089
005 Дата корректировки 20140923120401.1
008 Кодируемые данные 100916|||||||||ru |||||||||||000|||rus||
020 a ISBN 978-5-93295-449-2
c Цена, тираж 230-00
040 b Код языка каталог. rus
041 a Код языка текста rus
084 a Индекс другой классификации/Индекс ББК 67.408.1
090 a Полочн. индекс 67.408
x Авторский знак А 50
100 1_ a Автор Алихаджиева И. С.
245 10 a Заглавие Проституция как социальный и правовой феномен
b Продолж. заглавия монография
c Ответственность под науч. ред. Н. А. Лопашенко
260 a Место издания Москва
b Издательство Юрлитинформ
c Дата издания 2009
300 a Объем 229, [2] с.
b Иллюстрации/ тип воспроизводства ил.
440 a Серия Библиотека криминалиста
650 a Основная рубрика Уголовное процессуальное право Российской Федерации
650 14 a Основная рубрика Проституция-Вовлечение в занятие проституцией
653 a Ключевые слова Вовлечение в занятие проституцией
a Ключевые слова Меры предупреждения
a Ключевые слова Общественное мнение
a Ключевые слова Проституция
a Ключевые слова Социально-негативное поведение
a Ключевые слова Уголовное процессуальное право
a Ключевые слова Монографии
700 a Другие авторы Лопашенко Н. А.
e Роль лиц ред.
901 t Тип документа m
952 c Вид литературы монография